Virosis de la papa y de la semilla de papa /

Guardado en:
Autor Principal: Bokx J A De
Formato: Libro
Publicado: Buenos Aires : Hemisferio Sur, 1980
Materias:
Etiquetas: Agregar Etiqueta
Sin Etiquetas, Sea el primero en etiquetar este registro!
LEADER 00570nam a22002055a 4500
001 CEM.cems016705
005 20151111174258.0
008 130507s1980##################000#0#####d
003 CEMS
082 0 4 |a 632.8 
100 1 |a Bokx J A De 
245 1 0 |a Virosis de la papa y de la semilla de papa /  |c J A de Bokx, 
260 |a Buenos Aires :  |b Hemisferio Sur,  |c 1980 
300 |a 303 p. 
653 |a Virus 
653 |a Virus de las plantas 
653 |a Pulgon 
653 |a Virus del suelo 
653 |a Papa-virus 
859 |a CEMS  |b BIB. CEMS - Agricultura  |h 632.8  |i B637  |p A0209.00  |t Ej.1